Facticidad y validez: sobre el derecho y el estado democrático de derecho en términos de teoría del discurso
Αποθηκεύτηκε σε:
| Κύριος συγγραφέας: | |
|---|---|
| Μορφή: | Βιβλίο |
| Γλώσσα: | Ισπανικά |
| Έκδοση: |
Madrid
Trotta
1998
|
| Σειρά: | Colección Estructuras y Procesos. Serie Filosofía
|
| Θέματα: | |
| Ετικέτες: |
Προσθήκη ετικέτας
Δεν υπάρχουν, Καταχωρήστε ετικέτα πρώτοι!
|
MARC
| LEADER | 00000nam a2200000 a 4500 | ||
|---|---|---|---|
| 001 | UCQ4064 | ||
| 003 | CL-VaPUC | ||
| 008 | 980829e19980000SP |||||||||||||||||spa|d | ||
| 082 | 0 | 4 | |a 340.1 |b HAB |2 21 |
| 100 | 0 | |a Habermas, Jurgen |e author |9 334312 | |
| 245 | 1 | 0 | |a Facticidad y validez: sobre el derecho y el estado democrático de derecho en términos de teoría del discurso |
| 300 | |a 689 p | ||
| 942 | |c BK | ||
| 945 | |d 19980829 00:00:00 |a mvenant | ||
| 260 | |a Madrid |b Trotta |c 1998 | ||
| 650 | 0 | |a Filosofía del derecho |9 255050 | |
| 650 | 0 | |a Filosofía alemana |9 265002 | |
| 650 | 0 | |a Política |9 255312 | |
| 650 | 0 | |a Estado |9 255503 | |
| 650 | 7 | |a TEORIA DEL DISCURSO |2 CL-VaPUC |9 418300 | |
| 583 | |a last modification |c 20170910 21:05:31 |k Rodrigo Vera | ||
| 490 | 0 | |a Colección Estructuras y Procesos. Serie Filosofía | |
| 999 | |c 274548 |d 274546 | ||
| 952 | |0 0 |1 0 |4 0 |6 340_100000000000000_HAB_1998 |7 0 |8 DER_TF |9 310754 |a BIBDER |b BIBDER |d 2019-11-20 |i 3456366 |l 1 |o 340.1 HAB 1998 |p 3456366 |r 2023-04-12 |s 2023-04-05 |w 2019-11-20 |x Ubicación 4to Piso |y BK |z Estos recursos deben solicitarse con anticipación |k DER | ||